Biggest Countries in the Caribbean by Area - Sudden Death - Statistics

General Stats
  • This quiz has been taken 41 times
  • The average score is 5 of 8
Answers on the Grid
Answers color-coded by a green-red scale on the quiz's grid according to % correct below.
Cuba
Dominica
Saint Lucia
Antigua and Barbuda
Barbados
Dominican Republic
Jamaica
Saint Kitts and Nevis
Haiti
Trinidad and Tobago
Bahamas
Grenada
 
Answer Stats
Answer % Correct
Cuba
97%
Dominican Republic
87%
Jamaica
87%
Haiti
82%
Trinidad and Tobago
71%
Bahamas
63%
Dominica
29%
Saint Lucia
18%
No matching quizzes found
Score Distribution
Percent of People with Each Score
Percentile by Number Answered
Your Score History
You have not taken this quiz